Movies with Colors in the Title #1 - Statistics

General Stats
  • This quiz has been taken 36,088 times
  • The average score is 10 of 20
Answer Stats
Clue Movie % Correct
Peter Sellers + Pink The Pink Panther
82%
Tommy Lee Jones + Black Men in Black
81%
Tom Hanks + Green The Green Mile
80%
Ringo Starr + Yellow Yellow Submarine
77%
Stanley Kubrick + Orange A Clockwork Orange
75%
Whoopi Goldberg + Purple The Color Purple
66%
Denzel Washington + Crimson Crimson Tide
57%
Sean Connery + Red The Hunt for Red October
56%
Pierce Brosnan + Gold Goldeneye
54%
Brooke Shields + Blue The Blue Lagoon
54%
Beyoncé Knowles + Gold Austin Powers in Goldmember
49%
Dakota Johnson + Grey Fifty Shades of Grey
45%
Anthony Hopkins + Red Red Dragon
41%
Kathy Bates + Green Fried Green Tomatoes
34%
Patrick Swayze + Red Red Dawn
33%
Wesley Snipes + White White Men Can't Jump
31%
Kal Penn + White Harold and Kumar go to White Castle
25%
John Wayne + Green The Green Berets
24%
James Van Der Beek + Blue Varsity Blues
21%
Charlton Heston + Green Soylent Green
20%
No matching quizzes found
Score Distribution
Percent of People with Each Score
Percentile by Number Answered
Your Score History
You have not taken this quiz